| 000 | 00381nam a22001457a 4500 | ||
|---|---|---|---|
| 999 |
_c9551 _d9551 |
||
| 003 | OSt | ||
| 005 | 20210702153812.0 | ||
| 008 | 210702b ||||| |||| 00| 0 eng d | ||
| 020 | _a9780865715523 | ||
| 082 | _a307.12 | ||
| 100 |
_aRichard, _d1943- |
||
| 245 | _aEcocities : rebuilding cities in balance with nature | ||
| 260 |
_aIsland _bNew Society Publishers; _c2006 |
||
| 942 | _2ddc | ||